25 años de Ciencia, Tecnología e Investigación en Córdoba : pasado, presente y futuro /

Guardado en:
Otros Autores: Pisciotta, Nestor Oscar, (ed.)
Formato: Libro
Idioma:Spanish
Publicado: Córdoba : Editorial UBP, 2016
Edición:1a. ed.
Materias:
Etiquetas: Agregar Etiqueta
Sin Etiquetas, Sea el primero en etiquetar este registro!
LEADER 00671nam a22001815a 4500
001 DER.der013439
008 180615s2016####|||||||||||||||||#||spa||
005 20260210163107.0
245 1 0 |a 25 años de Ciencia, Tecnología e Investigación en Córdoba :  |b pasado, presente y futuro /  |c Universidad Blas Pascal, editado por Nestor Oscar Pisciotta, y Juan José Cantero. 
250 |a 1a. ed. 
260 |a Córdoba :  |b Editorial UBP,  |c 2016 
300 |a 282 p. 
020 |a 9789873991011 
700 1 |a Pisciotta, Nestor Oscar,  |e ed. 
700 1 |a Cantero, Juan José,  |e dir. 
653 |a CIENCIA Y TECNOLOGÍA 
653 |a INVESTIGACIÓN 
859 |a DERECHO  |b BIB. DERECHO  |h 607.282  |i PIS  |p 008399